<?xml version="1.0" encoding="UTF-8"?>
<collection xmlns:xsi="http://www.w3.org/2001/XMLSchema-instance" xsi:schemaLocation="http://www.loc.gov/MARC21/slim http://www.loc.gov/standards/marcxml/schema/MARC21slim.xsd" xmlns="http://www.loc.gov/MARC21/slim">
 <record>
  <leader>00000nam a22000002a 4500</leader>
  <controlfield tag="001">000596708</controlfield>
  <controlfield tag="005">20181005172154.0</controlfield>
  <controlfield tag="008">030503s1959    ru     f            rus d</controlfield>
  <datafield tag="020" ind1=" " ind2=" ">
   <subfield code="a">(viaz.)</subfield>
   <subfield code="c">Kčs 5,00</subfield>
  </datafield>
  <datafield tag="040" ind1=" " ind2=" ">
   <subfield code="a">SVKKK</subfield>
   <subfield code="b">slo</subfield>
   <subfield code="c">SVKKK</subfield>
   <subfield code="e">AACR2</subfield>
  </datafield>
  <datafield tag="041" ind1="0" ind2=" ">
   <subfield code="a">rus</subfield>
  </datafield>
  <datafield tag="044" ind1=" " ind2=" ">
   <subfield code="a">ru</subfield>
   <subfield code="c">RU</subfield>
  </datafield>
  <datafield tag="100" ind1="1" ind2=" ">
   <subfield code="a">Banatov, Petr Stepanovič</subfield>
   <subfield code="4">aut</subfield>
  </datafield>
  <datafield tag="245" ind1="1" ind2="0">
   <subfield code="a">Remont gornych mašin /</subfield>
   <subfield code="c">Petr Stepanovič Banatov.</subfield>
  </datafield>
  <datafield tag="260" ind1=" " ind2=" ">
   <subfield code="a">Moskva :</subfield>
   <subfield code="b">Ugletechizdat,</subfield>
   <subfield code="c">1959.</subfield>
  </datafield>
  <datafield tag="300" ind1=" " ind2=" ">
   <subfield code="a">188.</subfield>
  </datafield>
  <datafield tag="504" ind1=" " ind2=" ">
   <subfield code="a">Bibliogr. odkazy</subfield>
  </datafield>
  <datafield tag="910" ind1=" " ind2=" ">
   <subfield code="a">svkkk</subfield>
  </datafield>
  <datafield tag="998" ind1=" " ind2=" ">
   <subfield code="a">BK</subfield>
  </datafield>
  <datafield tag="090" ind1=" " ind2=" ">
   <subfield code="g">SCKHL</subfield>
   <subfield code="k">Sklad Pribinova 2. posch.</subfield>
   <subfield code="a">III.78258</subfield>
   <subfield code="j">183719</subfield>
   <subfield code="i">2720571258</subfield>
   <subfield code="s">Vyradená</subfield>
  </datafield>
 </record>
</collection>
